General Knowledge Quiz - Statistics

General Stats
  • This quiz has been taken 45 times
  • The average score is 8 of 20
Answer Stats
Question Answer % Correct
What is the smallest prime number? 2
81%
Which country had paper money first? China
75%
Which american president was previously an actor? Ronald Reagan
72%
How many inhabited islands make up the channel islands? 7
69%
What is the only mammal that can fly? Bat
69%
What state is area 51 located in? Nevada
69%
How many countries were part of the Soviet Union? 15
63%
What is the world's tallest building? Burj Khalifa
53%
The first person to win the noble prize twice? Marie Curie
53%
What are the most expensive nuts? Macadamia
44%
Countries France and Spain are separated by which mountain range? Pyrenees
44%
In which city was pizza invented? Napoli
41%
How many elements are there on a periodic table? 118
22%
Who has scored the most goals in the world cup finals? Kylian Mbappe
19%
What is the hardest substance in the human body? Tooth
13%
What was the country that first used tanks? England
9%
Who is the oldest premier league manager? Roy Hodgson
9%
Longest charting album was by which band? Pink Floyd
6%
What are group of pandas called? Emberassment
3%
Manager who has won the world cup twice? Vittorio Pozzo
3%
No matching quizzes found
Score Distribution
Percent of People with Each Score
Percentile by Number Answered
Your Score History
You have not taken this quiz